Structured hereditary systems
Αποθηκεύτηκε σε:
| Κύριος συγγραφέας: | |
|---|---|
| Άλλοι συγγραφείς: | , |
| Μορφή: | Βιβλίο |
| Γλώσσα: | English |
| Δημοσίευση: |
New York :
Marcel Dekker,
c1987
|
| Σειρά: | Monographs and textbooks in pure and applied mathematics ;
; 107 |
| Θέματα: | |
| Ετικέτες: |
Προσθήκη ετικέτας
Δεν υπάρχουν, Καταχωρήστε ετικέτα πρώτοι!
|
MARC
| LEADER | 00000cam a2200000 i 4500 | ||
|---|---|---|---|
| 001 | 1/52753 | ||
| 008 | 941103s1987 eng d | ||
| 020 | |a 0824777727 | ||
| 035 | |l 10044511 | ||
| 035 | |a 1993 | ||
| 040 | |a GR-MY-UA |b gre |e aacr | ||
| 041 | 0 | |a eng | |
| 082 | 0 | |a 629.8312 |2 (19) | |
| 100 | 1 | |a Reneke, James A. | |
| 245 | 1 | 0 | |a Structured hereditary systems / |c James A. Reneke, Robert E. Fennell, Roland B. Minton |
| 246 | 3 | 3 | |a Hereditary systems |
| 260 | |a New York : |b Marcel Dekker, |c c1987 | ||
| 300 | |a viii, 217 p.; |b ill.; |c 24 cm | ||
| 490 | 1 | |a Monographs and textbooks in pure and applied mathematics |v ; 107 | |
| 504 | |a Includes bibliographical references and index | ||
| 650 | 0 | 0 | |a Control theory. |
| 650 | 0 | 0 | |a Kernel functions. |
| 650 | 0 | 0 | |a Hilbert space. |
| 650 | 0 | 0 | |a Mathematical optimization. |
| 650 | 0 | 0 | |a Stochastic processes. |
| 700 | 1 | |a Fennell, Robert E. | |
| 700 | 1 | |a Minton, Roland B. |d 1956- | |
| 830 | 0 | |a Monographs and textbooks in pure and applied mathematics ; |v ; 107 | |
| 852 | |a INST |b SAMOS |e 19941103 |h 629.8312 REN |p 005300007830 |q 005300007830 |t BK |y 0 | ||
| 909 | |a Σ |b 030336 | ||